Sears, Roebuck, U.S.A. : The great American catalog store and how it grew

Sparad:
Bibliografiska uppgifter
Huvudupphovsman: Weil, Gordon L.
Materialtyp: Bok
Språk:Undetermined
Publicerad: Briarcliff Manor, N.Y. Stein and Day 1977
Ämnen:
Taggar: Lägg till en tagg
Inga taggar, Lägg till första taggen!
Thư viện lưu trữ: Trung tâm Học liệu Trường Đại học Cần Thơ
LEADER 00551nam a2200193Ia 4500
001 CTU_89150
008 210402s9999 xx 000 0 und d
082 |a 381 
082 |b W422 
100 |a Weil, Gordon L. 
245 0 |a Sears, Roebuck, U.S.A. : 
245 4 |b The great American catalog store and how it grew 
245 0 |c Gordon L. Weil 
260 |a Briarcliff Manor, N.Y. 
260 |b Stein and Day 
260 |c 1977 
650 |a Sears, Roebuck and company 
650 |x History 
980 |a Trung tâm Học liệu Trường Đại học Cần Thơ